Sila obchodu sa nedá poraziť

Rozhovor.

Uložené v:
Podrobná bibliografia
Hlavný autor: Konštiak, Pavol
Ďalší autori: Drahovský, Ľubomír
Médium: Kapitola
Jazyk:Slovak
Tagy: Pridať tag
Žiadne tagy, Buďte prvý, kto otaguje tento záznam!

MARC

LEADER 00000naa a2200000 4500
001 0185643
005 20240502073158.9
041 0 |a slo 
044 |a SK 
245 1 0 |a Sila obchodu sa nedá poraziť  |c Pavol Konštiak, Ľubomír Drahovský 
520 |a Rozhovor. 
100 1 |a Konštiak, Pavol 
700 1 |a Drahovský, Ľubomír